Focus sur: Bregolas - Tolkien - Statistiques

Statistiques générales
  • Ce quiz a été pris 4 fois
  • Le résultat moyen est 7 sur 15
Statistiques - réponses
Informations recherchées Réponses % Correct
Espèce Homme
100%
Première mention Le Silmarillion
100%
Couleur des cheveux Noir
100%
Maison (lignée) Peuple de {Bëor}
100%
Age durant lequel il vécut Premier
100%
Profession et titre Seigneur de la maison de Bëor
100%
Frère Barahir
33%
Contrée Dorthonion
33%
Baragund
0%
Belegund
0%
Fils Bereth
0%
Sœurs Bregil
0%
Père Bregor
0%
Gilwen
0%
Hirwen
0%
Aucun quiz correspondant
Distribution des résultats
% des personnes avec chaque résultat
Percentile par nombre de réponses
Votre historique - résultats
Vous n’avez pas pris ce quiz